000 01099nam a22003137a 4500
003 CHAP
005 20220329140112.0
008 971013s1973 r 00010 d
010 _a46986
011 _a47958
035 _a52102
040 _cCHAP
090 _aTesis
100 0 0 _aValdez Espinosa, Rosendo.
_9117271
245 _aEstudio del efecto de la irradiación gamma (fuente Co.60) en algunas características agronómicas del zacate Buffel (Cenchrus ciliaris L.)
260 _a(Monterrey, N.L.) :
_bEl autor,
_c1973
300 _a51 h.
502 _aTesis (Ing. Agrónomo Zootecnista) -- ITESM. Div. de cCiencias Agropecuarias y Marítimas
590 _aALEPH
_b10
_c20130110
_lUCH01
_h1316
590 _aBATCH-UPD
_b10
_c20130110
_lUCH01
_h0906
590 _aBATCH-UPD
_b10
_c20130410
_lUCH01
_h0533
590 _aBATCH-UPD
_b10
_c20130914
_lUCH01
_h1954
590 _aCONVERSION
_b10
_c20130109
_lUCH01
_h1326
650 1 4 _aRayos gama
_xEfectos fisiológicos.
_994855
650 1 4 _aZacate Buffel.
_9123395
901 _aBK
942 _cTESIS
949 _bBC
_cTES
_d-116251
_eTS1
_i52102
_si
999 _c46986
_d46986